| 000 | 00759nam a2200205Ii 4500 | ||
|---|---|---|---|
| 003 | JO-AjNU | ||
| 008 | 230605s9999||||xx |||||||||||||| ||und|| | ||
| 017 | _a2006/6/1667 | ||
| 040 |
_aJO-AjNU _bara _erda _cJO-AjNU |
||
| 041 | _aara | ||
| 050 | 1 | 4 | _aBM155.2.J3552.2006 |
| 100 | 3 |
_aجابر،خليل حسن, _eauthor _98436 |
|
| 245 | 0 | 0 | _aبنو اسرائيل والإفساد الثالث ونهايتهم حتمية قرآنية توراتية إنجيلية |
| 264 | 3 | 1 | _aعمان:خليل حسن جابر ، 2006 |
| 300 | _a141ص | ||
| 336 |
_atext _btxt _2rdacontent |
||
| 337 |
_aunmediated _bn _2rdamedia |
||
| 338 |
_avolume _bnc _2rdacarrier |
||
| 650 | 4 |
_aاسرائيل-الاسرائيليون-الاسلام-المسيحية-اليهود _98437 |
|
| 999 |
_aA787 _c4355 _d4355 |
||